Quizzes
Events
Quiz Creation
Community
Videos
Private Events
Remove Ads
Sign In
Join for FREE
Feedback
Dark Mode
Quiz Categories
Sports
Geography
Music
Movies
Television
Just For Fun
Miscellaneous
History
Literature
Language
Science
Gaming
Entertainment
Religion
Holiday
For Kids
Quiz Lab
Recent
Popular Today
Quiz Kudos Today
Editor Picks
Curator Picks
Quizzes by...
Day
Popularity
Type
Ratings
Length
Year
Community
Subscriptions
Recent Discussions
Orange Saloon
Badges
Playlists
Quests
Create
Leaderboards
Showdown
Live 5
Trivia Bingo
Activity
Puzzle Library
Sporcle Events
Private Events
Virtual Trivia
Globe League
Become a Host
Pub Owners
SporcleCon
Opinionation
Our Games
Videos
Blog
Mobile Apps
Partnerships
Remove Ads and Go Orange
Feedback
Music
Pop Music
The Beatles
Song
Album
Lyrics
Bands
Singers
Artist
Clip
Rock
Rap
Classical
Billboard
Country Music
Kpop
Taylor Swift
Music
Pop Music
The Beatles
Song
Album
Lyrics
Bands
Singers
Artist
Clip
Rock
Rap
Classical
Billboard
Country Music
Kpop
Taylor Swift
Random Quiz
Search Sporcle
×
Quiz Lab
Quiz Lab
Music
Song
Type in answers that appear in a list
Type in answers that appear in a list
Classic
Best Score? Go Orange.
Guess the Lyrics 2 Stats
Can you name the Guess the Lyrics 2?
By
gummybear
15m
198 Questions
402 Plays
402 Plays
402 Plays
Comments
Comments
Give Quiz Kudos
Give Quiz Kudos
-
- Ratings
hide this ad
Replay
Link that replays current quiz
Next Quiz
Link to next quiz in quiz playlist
You Got
0%
They Got
Avg Score
46%
Avg Friend Score
Upgrade to see
Score Distribution
Jump to the score distribution portion of the page
Score
0/198
Timer
15:00
0
Plays Today
lyrics to an unknown song
% Correct
the
99%
the
99%
the
99%
a
99%
a
99%
a
99%
a
99%
and
99%
the
99%
I
97.3%
I
97.3%
I
97.3%
I
97.3%
I
97.3%
I
97.3%
I
97.3%
I
97.3%
I
97.3%
me
78.6%
me
78.6%
me
78.6%
me
78.6%
me
78.6%
me.
78.6%
to
74.9%
to
74.9%
to
74.9%
in
74.4%
in
74.4%
love
74.1%
love
74.1%
be
73.9%
is
73.1%
is
73.1%
is
73.1%
is
73.1%
on.
69.7%
on.
69.7%
on.
69.7%
on.
69.7%
we
68.7%
my
68.4%
my
68.4%
my
68.4%
my
68.4%
my
68.4%
my
68.4%
my
68.4%
my
68.4%
Do
66.7%
she
64.2%
she
64.2%
she
64.2%
she
64.2%
she
64.2%
she
64.2%
she
64.2%
she
64.2%
for
61.9%
for
61.9%
for
61.9%
her
61.4%
her
61.4%
her
61.4%
her
61.4%
her
61.4%
lyrics to an unknown song
% Correct
her
61.4%
her
61.4%
of
61.2%
of
61.2%
if
56.5%
that
56%
that
56%
have
54%
have
54%
have
54%
know
49.3%
know
49.3%
as
47%
heart,
45%
It's
44.3%
it's
44.3%
but
43.8%
But
43.8%
was
43%
was
43%
Every
41.5%
Every
41.5%
Every
41.5%
Every
41.5%
Every
41.5%
just
41.3%
just
41.3%
just
41.3%
up
41%
up
41%
life
39.6%
life
39.6%
does
39.3%
does
39.3%
does
39.3%
does
39.3%
does
39.3%
does
39.3%
does
39.3%
does
39.3%
from
38.8%
goes
38.8%
goes
38.8%
day,
38.6%
I've
37.1%
I've
37.1%
thing
37.1%
now
37.1%
thing
37.1%
now
37.1%
some
37.1%
thing
37.1%
thing
37.1%
thing
37.1%
thing
37.1%
way.
36.3%
has
33.6%
tell
32.6%
little
32.6%
tell
32.6%
always
32.6%
little
32.6%
always
32.6%
little
32.6%
little
32.6%
little
32.6%
lyrics to an unknown song
% Correct
little
32.6%
Though
30.8%
though
30.8%
though
30.8%
turns
30.1%
turns
30.1%
Everything
29.6%
Everything
29.6%
Everything
29.6%
Even
28.4%
Even
28.4%
magic.
27.9%
magic.
27.9%
magic.
27.9%
magic
27.9%
magic
27.9%
magic.
27.9%
before
27.1%
before
27.1%
before
27.1%
before
27.1%
before
27.1%
times
23.9%
feelings
23.1%
tragic
21.9%
tragic
21.9%
she'll
21.4%
come
21.1%
ask
20.9%
Must
20.4%
done
19.9%
days
19.9%
call
19.9%
start.
19.7%
old
19.7%
tried
19.4%
met?
18.9%
story
18.7%
alone?
18.4%
first
17.9%
long
17.7%
long
17.7%
big
17.2%
thousand
16.9%
thousand
16.9%
marry
15.9%
fashioned
15.9%
ends
15.7%
lose
14.2%
resolved
14.2%
getting
13.7%
since
13.2%
rainy
12.9%
enough
12.7%
phone
12.7%
wet.
12.4%
near
12.2%
reach
11.7%
umbrella,
11.2%
fears
10.7%
nerve
10.2%
silent
10.2%
everytime
9.5%
gripped
8.7%
tongue
8.2%
tripped
7.5%
Quiz Playlist
Details
Report
Send in Message
Add To Playlist
Classic:
Type in answers that appear in a list
Last Updated: Feb 16, 2017
Quiz Scoreboard
CHALLENGE
Sign Up to Join the Scoreboard
Show All
Scores
Hide
Comments
May contain spoilers
Recently Published
Billboard Blitz: Fleetwood Mac
by CooCooCachoo
Music
15s
Presidents Visiting Landmarks
by Hejman
History
7m
An Introduction to Baseball
by treessimontrees
Sports
5m
More to Explore
Quiz From the Vault
Featured Blog Post
Where Did the Easter Bunny Come From?
hide this ad
You Might Also Like...
Tags
Lyrics Quiz
Song Quiz
Unknown
Today's Top Quizzes in Music
Browse Music
hide this ad
Today's Top Quizzes in Song
Browse Song
Top Contributed Quizzes in Music
1
Taylor Swift All Songs (2024)
2
Guess the Artist- 70s Songs
3
7-to-1: Billboard Hot 100 #1 Hits of 2010s
4
Sorting Albums and Songs
5
Taylor Swift Logic Puzzle
6
One Thing in Common: Music
7
2010s Album by Cover III
8
KPOP LOGIC QUIZ
9
Guess the Taylor Swift song (Mystery Song)
10
Guess the Artist- 80s Songs
Explore More
Trending Topics
Harry Potter
Anime
Marvel
NBA
Kpop
Disney
Crossword
Soccer
NFL
WWE
Song
Puzzle
The Office
Country
Pokémon
hide this ad
More By:
gummybear
Quiz
Plays
Rating
Category
Featured
Created
Guess the Lyrics
589
2.78
Music
May 30, 2010
Guess the Lyrics 2
402
3.63
Music
May 30, 2010
Go to Creator's Profile
Score Distribution
Quiz Creator Spotlight
gummybear
Follow
Send a Message
Quizzes Created
-
Created Quiz Play Count
-
More By This Creator
Popular Quizzes Today
1
Find the US States - No Outlines Minefield
2
Find the Countries of Europe - No Outlines Minefield
3
The Countries of the World
4
Find the US States
5
Popular People in 1961
6
US States
7
Risky Map Clicking: Biggest States A-Z
8
Movies - When Are They Set?
More Music Quizzes
Billboard #1 Hits Imagery
Published
Trending Quizzes
Risky Map Clicking: Least Populous States A-Z
1-10 Letter G Words
1-10 Letter F Words
Risky Map Clicking: Next State Alphabetically
Risky Map Clicking: Biggest States A-Z
Recently Updated
Leaping Animals
pecheneg
Reality TV Shows (A-Z)
bhenderson79
Rickey Henderson's Hall of Fame Teammates
pecheneg
Champions League XIs: Arsenal
pecheneg
Quick Pick: Celebrities in WWE's Hall of Fame
aduchscher
A-Z Keypad Blitz II
pecheneg
Multiple Oscar Actors
pecheneg
Mystery Phrase Blitz: Oscar 'Best Actors'
pecheneg
F. Scott Fitzgerald Novels
LTH
Pick 3 Villains
ddd62291
Trending Topics
Harry Potter
Disney
Kpop
Crossword
Anime
Marvel
NBA
Song
Soccer
Country
WWE
The Office
Puzzle
NFL
Pokémon
Your Account Isn't Verified!
In order to create a playlist on Sporcle, you need to verify the email address you used during registration. Go to your
Sporcle Settings
to finish the process.
Report this User
Report this user for behavior that violates our
Community Guidelines
.
Details:
Send Report
Go to the Sporcle.com Mobile Site →
Comments